Διαχείρηση Κινδύνου και Πειρατεία στη Ναυτιλία. (Record no. 8603)
[ view plain ]
| 000 -LEADER | |
|---|---|
| fixed length control field | 02037cam a22001934a 4500 |
| 005 - ΗΜΕΡΟΜΗΝΙΑ ΚΑΙ ΩΡΑ ΤΕΛΕΥΤΑΙΑΣ ΕΝΗΜΕΡΩΣΗΣ | |
| Πεδίο ελέγχου | 20250605164341.0 |
| 008 - FIXED-LENGTH DATA ELEMENTS--GENERAL INFORMATION | |
| Πεδίο ελέγχου σταθερού μήκους | 250528s ||||||||||||||||||||||||d |
| 035 ## - SYSTEM CONTROL NUMBER | |
| System control number | 23603 |
| 040 ## - ΠΗΓΗ ΚΑΤΑΛΟΓΟΓΡΑΦΗΣΗΣ | |
| Φορέας πρωτότυπης καταλογογράφησης | MC Athens Campus Library |
| Γλώσσα καταλογογράφησης | Ελληνικά, Μοντέρνα (1453-) |
| Modifying agency | MC Athens Campus Library |
| Κανόνες περιγραφικής καταλογογράφησης | AACR2 |
| 245 1# - ΤΙΤΛΟΣ ΚΑΙ ΔΗΛΩΣΗ ΥΠΕΥΘΥΝΟΤΗΤΑΣ | |
| Τίτλος | Διαχείρηση Κινδύνου και Πειρατεία στη Ναυτιλία. |
| 260 ## - PUBLICATION, DISTRIBUTION, ETC. | |
| Date of publication, distribution, etc. | 2017 |
| 300 ## - PHYSICAL DESCRIPTION | |
| Extent | 109 |
| 520 ## - SUMMARY, ETC. | |
| Summary, etc. | Εισαγωγή, Βιβλιογραφική Ανασκόπηση, Περί Κινδύνου, Πιθανότητες, Ταξινόμηση Κινδύνων, μεθοδολογία Διαχείρισης Κινδύνου, οι Κίνδυνοι στη Ναυτιλία, ο Κίνδυνος της Πειρατείας, High Risk Areas, Cybersecurity και Πειρατεία, οι Οργανισμοί, I.M.O - I.S.P.S, Λοιποί Οργανισμοί, Ship Pretection Measures (SPM), P.M.S.C (Private Maritime Security Companies), Διαχείρηση Κινδύνου Πειρατείας στην Πλοιοκτήτρια Εταιρία, Κώδικας ISPS και Διαχείριση Κινδύνου, Αποτίμηση Κινδύνου (Risk Assesment), Ανάλυση Συνεπειών και Τελική Εκτίμηση Ρίσκου, Επιλογή Μέτρων Περιορισμού Κινδύνων (Risk Control Options), Εκτίμηση Κόστους Ωφέλειας (Cost Benefit Assessment), Προτάσεις για Λήψη Αποφάσεων, Διαχείρηση Κινδύνου Πειρατείας στο Πλοίο, Κώδικας ISPS και SMS, Μεθοδολογία και Σχεδιασμός Έρευνας, Ανάλυση Αποτελεσμάτων, Προσωπικός Αναστοχασμός και Σχέδιο Προσωπικής Ανάπτυξης, Συμπεράσματα, Προτάσεις, Βιβλιογραφία, Παράρτημα. |
| 700 1# - ΠΡΟΣΘΕΤΗ ΑΝΑΓΡΑΦΗ--ΦΥΣΙΚΟ ΠΡΟΣΩΠΟ | |
| Personal name | Λιανός Πάρης |
| 9 (RLIN) | 9190 |
| 700 1# - ΠΡΟΣΘΕΤΗ ΑΝΑΓΡΑΦΗ--ΦΥΣΙΚΟ ΠΡΟΣΩΠΟ | |
| Personal name | Ορφανουδάκης Δημήτριος |
| 9 (RLIN) | 9193 |
| 942 ## - ADDED ENTRY ELEMENTS (KOHA) | |
| Koha item type | Διπλωματική εργασία |
| Τύπος τεκμηρίου | Βιβλιοθήκη | Τρέχουσα τοποθεσία | Barcode | Ημερομηνία απόκτησης | Ταξιθετικό σύμβολο | Αριθμός αντιτύπου | Κατάσταση απόσυρσης | Κατάσταση χαμένου | Κατάσταση κατεστραμμένου | Μη δανεισμός | Σύνολο δανεισμών | Ημερομηνία τελευταίας εμφάνισης | Η τιμή ισχύει από |
|---|---|---|---|---|---|---|---|---|---|---|---|---|---|
| Διπλωματική εργασία | MC Athens Campus Library | MC Athens Campus Library | 9780000086020 | 05/06/2025 | SHIP 2017 (28) | 1 | 05/06/2025 | 05/06/2025 |